La corrupción económica en la privatización en el Perú /
Đã lưu trong:
| Tác giả chính: | |
|---|---|
| Định dạng: | Texto |
| Các nhãn: |
Thêm thẻ
Không có thẻ, Là người đầu tiên thẻ bản ghi này!
|
MARC
| LEADER | 00000 a a2200000 04500 | ||
|---|---|---|---|
| 001 | 48382 | ||
| 003 | |||
| 040 | |||
| 100 | |a Ugarteche, Oscar | ||
| 245 | |a La corrupción económica en la privatización en el Perú / |c Oscar Ugarteche | ||
| 773 | |g número360, (2002), páginas 5-7 | ||
| 999 | |c 20804 |d 20804 | ||
